000 00321nam a2200145Ia 4500
100 _aKoppikar/V.U
650 _aGeneral
942 _cBK
654 _amanual
245 _aManual of vocations and careers
260 _bULK Publication
_aBombay
_c1990
082 _a371.420954
_bKOP
300 _a332
546 _aENGLISH
999 _c29382
_d29382